Fragmentos para la historia de Arequipa. Extractados de varios autores y de manuscritos antiguos y modernos y de las narraciones de los contemporáneos por el D. D. J.G.V.
Furkejuvvon:
| Váldodahkki: | |
|---|---|
| Materiálatiipa: | Girji |
| Giella: | espánnjágiella |
| Almmustuhtton: |
Arequipa
Imprenta de Mariano N. Madueño y Compañía
1847
|
| Preanttus: | 1a. ed |
| Fáttát: | |
| Fáddágilkorat: |
Lasit fáddágilkoriid
Eai fáddágilkorat, Lasit vuosttaš fáddágilkora!
|
MARC
| LEADER | 00000nam a2200000 a 4500 | ||
|---|---|---|---|
| 001 | UCJ6954 | ||
| 003 | CL-VaPUC | ||
| 008 | 070124e18470000PE |||||||||||||||||spa|d | ||
| 082 | 0 | 4 | |a 985 |b DDL |2 21 |
| 100 | 0 | |a D.D.L.G.V. |e author |9 514652 | |
| 245 | 1 | 0 | |a Fragmentos para la historia de Arequipa. Extractados de varios autores y de manuscritos antiguos y modernos y de las narraciones de los contemporáneos por el D. D. J.G.V. |
| 250 | |a 1a. ed | ||
| 300 | |a 224 p | ||
| 942 | |c BK | ||
| 945 | |d 20070124 00:00:00 |a rinostro | ||
| 260 | |a Arequipa |b Imprenta de Mariano N. Madueño y Compañía |c 1847 | ||
| 500 | |a In 8§, media pasta.- Portada dentro de una orla.- v.: Advertencia del autor.- Se le ha agregado, al final, un índice manuscrito. Se ubica junto a colección Bolivia-Perú | ||
| 600 | 0 | 7 | |a HERRERA, ANTONIO DE |2 CL-VaPUC |9 342308 |
| 650 | 0 | |a Historia local |9 266584 | |
| 650 | 0 | |a Ciudades |9 265474 | |
| 650 | 0 | |a Descubrimientos geográficos |9 331933 | |
| 650 | 0 | |a Misioneros |9 324171 | |
| 650 | 7 | |a EVANGELIZACION |2 CL-VaPUC |9 514653 | |
| 650 | 0 | |a Colonización española |9 256592 | |
| 650 | 7 | |a DESCRIPCION BIBLIOFILICA |2 CL-VaPUC |9 504580 | |
| 651 | 7 | |a AREQUIPA |2 CL-VaPUC |9 317976 | |
| 583 | |a last modification |c 20070124 00:00:00 |k Rodrigo Vera | ||
| 999 | |c 323056 |d 323054 | ||
| 952 | |0 0 |1 0 |4 0 |6 985_000000000000000_DDL_1847 |7 0 |8 X |9 402300 |a FDOBUD |b FDOBUD |d 2019-11-22 |i 1055569 |o 985 DDL 1847 |p 1055569 |r 2019-11-22 |w 2019-11-22 |y BK_X |k BUD | ||